00307nam a2200133Ia 45000030006000000080041000060400015000471000022000622450032000842500010001162600018001265460012001440050017001560STCL150530s9999 xx 000 0 und d aSTCLcSTCL aSrivasthava, S.K. aHistroy of economic thought aThird bS.Chandc1977 aEnglish20220125165453.0